Daily Capital City Riddle #91 - Statistics

General Stats
  • This quiz has been taken 50 times
  • The average score is 29 of 37
Answer Stats
Type Answer % Correct
Found Letter A
100%
Alphabet Letter I
100%
Found Letter N
100%
Found Letter O
100%
Found Letter E
97%
Alphabet Letter R
97%
Alphabet Letter S
97%
Alphabet Letter B
94%
Alphabet Letter D
94%
Found Letter G
94%
Found Letter C
92%
Found Letter H
89%
Alphabet Letter T
89%
Alphabet Letter M
86%
Alphabet Letter U
86%
Alphabet Letter W
86%
Alphabet Letter L
83%
Correctly Placed Letter N
83%
Correctly Placed Letter O
83%
Alphabet Letter K
81%
Found Letter P
81%
Alphabet Letter Y
78%
Alphabet Letter J
75%
Correctly Placed Letter A
67%
Correctly Placed Letter C
67%
Alphabet Letter V
67%
Correctly Placed Letter E
64%
Correctly Placed Letter N
61%
Alphabet Letter Q
58%
Alphabet Letter X
58%
Alphabet Letter F
56%
Alphabet Letter Z
56%
Correctly Placed Letter H
53%
Correctly Placed Letter E
50%
Correctly Placed Letter P
50%
Mystery Capital Copenhagen
47%
Correctly Placed Letter G
47%
No matching quizzes found
Score Distribution
Percent of People with Each Score
Percentile by Number Answered
Your Score History
You have not taken this quiz